1750 1514 1575 1957 1324 1157 1815 1311 1910 1165 1024 1680 1705 1402 1472 1520 1337 1807 1747 1884 1929 1140 1994 1600 1496 1173 1443 1805 1789 1627 1659 1481 1181 1909 1051 1999 1833 1724 1590 1730 1089 1606 1758 1679 1618 1806 1454 1273 1576 1562 1974 1607 1699 1633 1655 1374 1266 1275 1390 1570 1261 1284 1663 1349 1739 1865 1472 1519 1803 1459 1515 1200 1814 1805 1430 1211 1750 1406 1054 1651 1667 1506 1988 1309 1177 1247 1602 1473 1924 1619 1653 1045 1327 1815 1207 1175 1982 1011 1706 BCNSPRNW ULIB Ver.6.0+V

เปลี่ยนเป็นภาษาไทย

Change to English
 แสดงรายละเอียดบรรณานุกรม
  กลับหน้าหลัก

Brief Record : Get Marc (ISO 2709) : E-mail record : QR code < ปิดหน้าต่าง
LEADER : 00000nam 2200000uu 4500
001    13399113818
003     ULIB
008    120109s||||||||th 000 0 tha d
020    1435484134
024    9781435484139
060  4 WY100^bH164s
100 1  Hale, Tammy J. and Ahlschlager, Patricia M.
245 00 Simulation scenarios for nursing education/^cTammy J. Hale and Patricia M.Ahlschlager
260    Australia:^bDelmar Cengage Learing,^c 2011.
300    150 p.
650  4 Simulation scenarios ^xNursing
650  4 Practical^xnursing
945    ^p0^l0^i030895
995    Kesorn
999 ^a ใช้งานได้ทุกระบบ
รายการนี้ยังไม่มีแท็ก
คุณยังไม่ได้ล็อกอิน คุณสามารถมีกิจกรรมร่วมกับเว็บไซต์ได้ แต่ต้องล็อกอินก่อน ::
  ล็อกอิน

รายการสื่อสารสนเทศ

ลำดับที่ ประเภท เลขเรียก/บาร์โค้ด สถานที่ สถานะ
- ไม่พบข้อมูล -

รายการใกล้เคียง
    หัวเรื่อง [Practical nursing]

BibComment


ยังไม่เคยถูกคอมเมนท์

คอมเมนท์ทรัพยากรรายการนี้
  คอมเมนท์: Simulation scenar..


 Copyright 2026. Bcnsprnw @Library